LIBRARY ONLINE CATALOGUE

The Minister's manual / (Record no. 10419)

MARC details
000 -LEADER
fixed length control field 00591nam a22002052 4500
001 - CONTROL NUMBER
control field 0000024910
005 - DATE AND TIME OF LATEST TRANSACTION
control field 20151217152307.0
008 - FIXED-LENGTH DATA ELEMENTS--GENERAL INFORMATION
fixed length control field 140325s xx 000 0 eng d
020 ## - INTERNATIONAL STANDARD BOOK NUMBER
International Standard Book Number 0470587867 :
040 ## - CATALOGING SOURCE
Original cataloging agency KABU
Transcribing agency KABUl
245 14 - TITLE STATEMENT
Title The Minister's manual /
Statement of responsibility, etc. edited by Lee McGlone.
250 ## - EDITION STATEMENT
Edition statement 2011 ed.
260 ## - PUBLICATION, DISTRIBUTION, ETC. (IMPRINT)
Place of publication, distribution, etc. Danvers, MA :
Name of publisher, distributor, etc. Jossey-Bass,
Date of publication, distribution, etc. 2011.
300 ## - PHYSICAL DESCRIPTION
Extent vi, 418 p. +
Accompanying material 1 CD-ROM.
650 #0 - SUBJECT ADDED ENTRY--TOPICAL TERM
Topical term or geographic name as entry element Sermons.
-- 0000149579
700 1# - ADDED ENTRY--PERSONAL NAME
Personal name McGlone, Lee.
-- 0000185186
852 1# - LOCATION
-- p2750 KES
908 ## - PUT COMMAND PARAMETER (RLIN)
Put command parameter 140325
950 ## - LOCAL HOLDINGS (RLIN)
-- 1
Holdings
Withdrawn status Lost status Source of classification or shelving scheme Not for loan Home library Current library Date acquired Total Checkouts Full call number Barcode Date last seen Price effective from Koha item type
    Library of Congress Classification   Kabarak, Main Campus Kabarak, Main Campus 17/12/2015   BV4223 .M56 2011 c. 1 017930 17/12/2015 17/12/2015 General Collection